000
00488nam a2200169Ia 4500
008
090711s9999 xx 000 0 und d
082
_b
41735
100
_a
माळवदे रमण
245
_a
ब्रम्हाक्षरं
260
_c
1980
300
_a
135
600
_a
माळवदे रमण
630
_a
ब्रम्हाक्षरं
700
_a
माळवदे रमण
730
_a
ब्रम्हाक्षरं
942
_c
BOOK
999
_c
313182
_d
313182